Reinforced concrete design: IS: 456-2000 principles and practice (Record no. 62489)

MARC details
000 -LEADER
fixed length control field 01640nam a2200265 a 4500
008 - FIXED-LENGTH DATA ELEMENTS--GENERAL INFORMATION
fixed length control field 100930s2003 ||||||||||||||||| || u
020 ## - INTERNATIONAL STANDARD BOOK NUMBER
International Standard Book Number 8122414605
050 ## - LIBRARY OF CONGRESS CALL NUMBER
Classification number TA 683.2 Raj
100 ## - MAIN ENTRY--PERSONAL NAME
Personal name Raju, N. Krishna
245 10 - TITLE STATEMENT
Title Reinforced concrete design: IS: 456-2000 principles and practice
Statement of responsibility, etc. by N. Krishna Raju; R. N. Pranesh
260 ## - PUBLICATION, DISTRIBUTION, ETC.
Place of publication, distribution, etc. New Delhi:
Name of publisher, distributor, etc. New Age International
Date of publication, distribution, etc. 2003
260 ## - PUBLICATION, DISTRIBUTION, ETC.
Place of publication, distribution, etc. New Delhi:
Name of publisher, distributor, etc. New Age International Limited
Date of publication, distribution, etc. 2003
260 ## - PUBLICATION, DISTRIBUTION, ETC.
Place of publication, distribution, etc. New Delhi:
Name of publisher, distributor, etc. New Age International Publishers
Date of publication, distribution, etc. 2003
300 ## - PHYSICAL DESCRIPTION
Extent xvii, 611p.: ill.
350 ## - PRICE (NR) (BK AM CF MU VM SE) [OBSOLETE]
Price 0.00
650 ## - SUBJECT ADDED ENTRY--TOPICAL TERM
Topical term or geographic name entry element CONCRETE
650 ## - SUBJECT ADDED ENTRY--TOPICAL TERM
Topical term or geographic name entry element CONCRETE DESIGN
700 ## - ADDED ENTRY--PERSONAL NAME
Personal name Pranesh, R. N
995 ## - RECOMMENDATION 995 [LOCAL, UNIMARC FRANCE]
-- CBU-MPIKA LIBRARY
-- 19.54
-- 6
-- AVAILABLE
-- Nov 22, 2019
-- Short Loan Collection
995 ## - RECOMMENDATION 995 [LOCAL, UNIMARC FRANCE]
-- 0.00
-- CBU-MAIN LIBRARY (Kitwe)
-- 1
-- 0.00
-- 1
-- AVAILABLE
-- Oct 11, 2010
-- Main Library Open Access Collection
995 ## - RECOMMENDATION 995 [LOCAL, UNIMARC FRANCE]
-- CBU-MAIN LIBRARY (Kitwe)
-- 19.54
-- 5
-- AVAILABLE
-- Nov 22, 2019
-- Short Loan Collection
995 ## - RECOMMENDATION 995 [LOCAL, UNIMARC FRANCE]
-- 18.95
-- CBU-MAIN LIBRARY (Kitwe)
-- 0.00
-- 2
-- AVAILABLE
-- Jul 16, 2019
-- Main Library Open Access Collection
995 ## - RECOMMENDATION 995 [LOCAL, UNIMARC FRANCE]
-- 18.95
-- CBU-MAIN LIBRARY (Kitwe)
-- 0.00
-- 4
-- AVAILABLE
-- Jul 16, 2019
-- Main Library Open Access Collection
995 ## - RECOMMENDATION 995 [LOCAL, UNIMARC FRANCE]
-- 18.95
-- CBU-MAIN LIBRARY (Kitwe)
-- 0.00
-- 3
-- AVAILABLE
-- Jul 16, 2019
-- Main Library Open Access Collection
Holdings
Withdrawn status Lost status Source of classification or shelving scheme Damaged status Not for loan Home library Current library Shelving location Date acquired Total Checkouts Full call number Barcode Date last seen Price effective from Koha item type
          CBU-MAIN LIBRARY, KITWE. CBU-MAIN LIBRARY, KITWE.   11/30/2022   TA 683.2 Raj 741687 11/30/2022 11/30/2022 MONOGRAPH
          CBU-MAIN LIBRARY, KITWE. CBU-MAIN LIBRARY, KITWE.   11/30/2022   TA 683.2 Raj 750004 11/30/2022 11/30/2022 MONOGRAPH
          CBU-MAIN LIBRARY, KITWE. CBU-MAIN LIBRARY, KITWE.   11/30/2022   TA 683.2 Raj 749411 11/30/2022 11/30/2022 MONOGRAPH
          CBU-MAIN LIBRARY, KITWE. CBU-MAIN LIBRARY, KITWE.   11/30/2022   TA 683.2 Raj 749410 11/30/2022 11/30/2022 MONOGRAPH
          CBU-MAIN LIBRARY, KITWE. CBU-MAIN LIBRARY, KITWE.   11/30/2022   TA 683.2 Raj 749409 11/30/2022 11/30/2022 MONOGRAPH
          CBU-MPIKA LIBRARY, MPIKA CAMPUS. CBU-MPIKA LIBRARY, MPIKA CAMPUS.   11/30/2022   TA 683.2 Raj 750005 11/30/2022 11/30/2022 MONOGRAPH